Welcome to CU Library Online Public Access Catalogue (OPAC)

Cognitive development : (Record no. 599)

MARC details
000 -LEADER
fixed length control field 00605cam a2200193 a 4500
001 - CONTROL NUMBER
control field 16075692
005 - DATE AND TIME OF LATEST TRANSACTION
control field 20241104170527.0
008 - FIXED-LENGTH DATA ELEMENTS--GENERAL INFORMATION
fixed length control field 100129s2011 caua b 001 0 eng
020 ## - INTERNATIONAL STANDARD BOOK NUMBER
International Standard Book Number 9781412966665 (pbk.)
020 ## - INTERNATIONAL STANDARD BOOK NUMBER
International Standard Book Number 1412966663 (pbk.)
050 00 - LIBRARY OF CONGRESS CALL NUMBER
Classification number BF201
Item number .G34 2011 / G35
082 00 - DEWEY DECIMAL CLASSIFICATION NUMBER
Classification number 155.4/13
Edition information 22
100 1# - MAIN ENTRY--PERSONAL NAME
Personal name Galotti, Kathleen M.,
Dates associated with a name 1957-
245 10 - TITLE STATEMENT
Title Cognitive development :
Remainder of title infancy through adolescence /
Statement of responsibility, etc. Kathleen M. Galotti.
260 ## - PUBLICATION, DISTRIBUTION, ETC.
Place of publication, distribution, etc. Thousand Oaks, Calif. :
Name of publisher, distributor, etc. SAGE,
Date of publication, distribution, etc. c2011.
300 ## - PHYSICAL DESCRIPTION
Extent xix, 512 p. :
Other physical details ill., Index ;
Dimensions 23 cm.
650 #0 - SUBJECT ADDED ENTRY--TOPICAL TERM
Topical term or geographic name entry element Cognitive psychology.
942 ## - ADDED ENTRY ELEMENTS (KOHA)
Source of classification or shelving scheme Library of Congress Classification
Koha item type Books
Suppress in OPAC No
999 ## -
-- 599
-- 599
Holdings
Withdrawn status Lost status Source of classification or shelving scheme Damaged status Not for loan Collection Home library Current library Shelving location Date acquired Total checkouts Full call number Barcode Date last seen Copy number Price effective from Koha item type
    Library of Congress Classification     Non-fiction Business Library (Miotso) Business Library (Miotso) Reference 11/04/2024   BF201.G35 GAL bssm00000117 11/04/2024 1 11/04/2024 Books
    Library of Congress Classification     Non-fiction Undergraduate Library (Christ Temple) Undergraduate Library (Christ Temple) General stacks 08/25/2025   BF 201.G35 GAL ulct00004484 08/25/2025 1 08/25/2025 Books
    Library of Congress Classification     Non-fiction Undergraduate Library (Christ Temple) Undergraduate Library (Christ Temple) General stacks 08/25/2025   BF 201.G35 GAL ulct00004485 08/25/2025 2 08/25/2025 Books
© 2023-2024 Copyright: Central University Libraries. All Rights Reserved | Created by: Mahone Tech Office